History Quiz

Random History or Europe Quiz

European History Match-Up Quiz Stats

 Plays Quiz Updated Dec 17, 2014

Challenge
Share
Tweet
Score 0/30 Timer 05:00
12 Plays Today
% Correct
Mona
97.8%
Sistine
95.6%
Don
93.9%
Iron
93.7%
Nuremberg
93.4%
Reign of
92%
Communist
91.2%
Warsaw
90.6%
Divine
87.5%
Spanish
86.1%
Paradise
85.9%
Checkpoint
84.2%
Moonlight
82.4%
Gunpowder
73.4%
95
71.4%
% Correct
Maginot
68.1%
Time of
67%
Dreyfus
65.1%
Defenestration of
63.5%
Battleship
60.8%
Prague
60.1%
Bayeux
59%
Hanseatic
58.1%
Belle
55.3%
Golden
53.7%
Twelve
52.9%
Lascaux
48.3%
Gulag
46.3%
Ring
40.9%
Lake
26%

You're not logged in!

Compare scores with friends on all Sporcle quizzes.
OR
Log In

You Might Also Like...

Show Comments

Extras

Top Quizzes Today


Score Distribution

Your Account Isn't Verified!

In order to create a playlist on Sporcle, you need to verify the email address you used during registration. Go to your Sporcle Settings to finish the process.

Report this User

Report this user for behavior that violates our Community Guidelines.

Details: